000 00641nam a2200205Ii 4500
003 JO-AjNU
008 230606s9999||||xx |||||||||||||| ||und||
020 _a973-0-399-52920-7
040 _aJO-AjNU
_beng
_erda
_cJO-AjNU
041 _aeng
050 1 4 _aPR6013.O35.L6 2003
100 3 _aGOLDING,WILLIAM,
_eauthor
_91553
245 0 0 _aLORD OF THE FLIES
264 3 1 _aNew York: PENGUIN GROUP, 2003
300 _a315P
336 _atext
_btxt
_2rdacontent
337 _aunmediated
_bn
_2rdamedia
338 _avolume
_bnc
_2rdacarrier
650 4 _aSurvival after airplane accidents, Shipwrecks,etc - Fiction - Regression - Island - Boys
_91554
999 _aE816
_c816
_d816